[Event "NED-ch U18"]
[Site "Almelo"]
[Date "2022.05.01"]
[Round "1"]
[White "Van Foreest, Machteld"]
[Black "Hubers, Daan"]
[Result "1-0"]
[WhiteElo "2287"]
[BlackElo "1818"]
[PlyCount "57"]
[EventDate "2022.05.01"]
[EventType "swiss"]
[EventRounds "7"]
[EventCountry "NED"]
[SourceTitle "CBM 208 Extra"]
[Source "ChessBase"]
[SourceDate "2022.07.31"]
[SourceVersion "1"]
[SourceVersionDate "2022.07.31"]
[SourceQuality "1"]

1. e4 e6 2. d4 d5 3. Nd2 c5 4. exd5 exd5 5. Ngf3 Nc6 6. Bb5 a6 7. Bxc6+ bxc6 8. 0-0 cxd4 9. Nxd4 c5 10. Re1+ Be7 11. Nc6 Qc7 12. Nxe7 Nxe7 13. Qe2 Be6 14. Nf3 h6 15. b4 cxb4 16. Nd4 Qb6 17. Bb2 0-0 18. Nxe6 fxe6 19. Qxe6+ Qxe6 20. Rxe6 Kf7 21. Rae1 Ng6 22. g3 Rfc8 23. Rb6 Ra7 24. h4 Rxc2 25. h5 Ne7 26. Rxb4 Nc6 27. Rf4+ Kg8 28. Re8+ Kh7 29. Rff8 1-0

[Event "NED-ch U16 op"]
[Site "Borne"]
[Date "2019.08.10"]
[Round "9"]
[White "Hubers, Daan"]
[Black "Tiggelman, Laura"]
[Result "1/2-1/2"]
[WhiteElo "1512"]
[BlackElo "1436"]
[PlyCount "80"]
[EventDate "2019.08.05"]
[EventType "swiss"]
[EventRounds "9"]
[EventCountry "NED"]
[SourceTitle "EXT 2020"]
[Source "ChessBase"]
[SourceDate "2019.10.17"]
[SourceVersion "1"]
[SourceVersionDate "2019.10.17"]
[SourceQuality "1"]

1. d4 Nf6 2. Bf4 g6 3. e3 Bg7 4. c4 d6 5. Nc3 0-0 6. Bd3 Nbd7 7. Nf3 Re8 8. 0-0 e5 9. dxe5 dxe5 10. Bg5 a5 11. Bc2 h6 12. Bxf6 Bxf6 13. Ba4 c6 14. Ne4 Bg7 15. Rc1 Nb6 16. Qxd8 Rxd8 17. Bb3 a4 18. Bd1 Bf5 19. Nc5 Ra7 20. e4 Bg4 21. h3 Bxf3 22. Bxf3 Bf8 23. b4 axb3 24. Nxb3 Rxa2 25. c5 Nd7 26. Rfd1 Raa8 27. Rd2 Nf6 28. Rxd8 Rxd8 29. Rc4 Nd7 30. Bg4 h5 31. Bxd7 Rxd7 32. Kf1 Kg7 33. Ke2 Kf6 34. Ra4 Be7 35. Ra7 Ke6 36. f3 h4 37. Ra8 Rd8 38. Ra7 Rd7 39. Ra8 Rd8 40. Ra7 Rd7 1/2-1/2

[Event "NED-ch U16"]
[Site "Assen"]
[Date "2017.04.28"]
[Round "8"]
[White "Hubers, Daan"]
[Black "Kanger, Thomas"]
[Result "0-1"]
[WhiteElo "1402"]
[BlackElo "1382"]
[PlyCount "98"]
[EventDate "2017.04.23"]
[EventType "swiss"]
[EventRounds "9"]
[EventCountry "NED"]
[SourceTitle "CBM 178 Extra"]
[Source "ChessBase"]
[SourceDate "2017.06.22"]
[SourceVersion "1"]
[SourceVersionDate "2017.06.22"]
[SourceQuality "1"]

1. e3 d5 2. d4 Bf5 3. c4 e6 4. Bd3 Bxd3 5. Qxd3 Nf6 6. cxd5 Qxd5 7. Nf3 Nc6 8. Nc3 Qa5 9. Bd2 Nb4 10. Qb5+ Qxb5 11. Nxb5 0-0-0 12. Ke2 a6 13. Nc3 Bd6 14. Ng5 Rd7 15. Nce4 Nxe4 16. Nxe4 Nc6 17. h4 e5 18. Nxd6+ cxd6 19. Rac1 exd4 20. exd4 Re8+ 21. Be3 Rc7 22. Kf3 d5 23. h5 g6 24. hxg6 hxg6 25. Rh7 Nxd4+ 26. Kg4 Rxc1 27. Bxc1 Re7 28. Kg5 Re5+ 29. Kf6 Rf5+ 30. Ke7 Rxf2 31. Kd6 Nb5+ 32. Kxd5 Rf5+ 33. Kc4 b6 34. Rh3 Rc5+ 35. Kb3 Rxc1 36. g4 Nd4+ 37. Ka3 b5 38. g5 Rc4 39. b4 Nc2+ 40. Kb3 Nxb4 41. a4 Rd4 42. Rh8+ Kb7 43. axb5 axb5 44. Kc3 Nc6 45. Kb2 b4 46. Ka2 Rd2+ 47. Kb1 b3 48. Ka1 Nb4 49. Kb1 Nd3 0-1

[Event "NED-ch U10"]
[Site "Borne"]
[Date "2013.08.07"]
[Round "7"]
[White "Kaersenhout, Diego"]
[Black "Hubers, Daan"]
[Result "1-0"]
[WhiteElo "810"]
[BlackElo "405"]
[PlyCount "93"]
[EventDate "2013.04.??"]
[EventType "swiss"]
[EventRounds "12"]
[EventCountry "NED"]
[SourceTitle "EXT 2015"]
[Source "ChessBase"]
[SourceDate "2014.11.20"]
[SourceVersion "1"]
[SourceVersionDate "2014.11.20"]
[SourceQuality "1"]

1. d4 d5 2. c4 e5 3. dxe5 d4 4. Nf3 Nc6 5. Bf4 Bg4 6. e3 dxe3 7. Qxd8+ Rxd8 8. fxe3 Bxf3 9. gxf3 Nb4 10. Na3 Nd3+ 11. Ke2 Nxf4+ 12. exf4 Bxa3 13. bxa3 Nh6 14. Rd1 Rxd1 15. Kxd1 Nf5 16. Ke2 Nd4+ 17. Ke3 Nc2+ 18. Ke4 Nxa3 19. Rg1 0-0 20. h4 Nxc4 21. Bxc4 Rd8 22. Ke3 Rd7 23. h5 h6 24. f5 b5 25. Bxb5 Rd5 26. Bd3 Rxe5+ 27. Be4 g5 28. fxg6 Rxh5 29. gxf7+ Kxf7 30. Bg6+ Kg8 31. Bxh5+ Kh8 32. Rg6 c6 33. Rxc6 a6 34. Rxa6 Kg8 35. Rxh6 Kf8 36. Re6 Kg8 37. a4 Kg7 38. a5 Kh7 39. a6 Kg7 40. a7 Kh7 41. a8Q Kg7 42. f4 Kh7 43. f5 Kg7 44. f6+ Kh7 45. f7 Kg7 46. f8R Kh7 47. Qb7# 1-0